01939 2200325 4500001002100000005001500021035002000036008004100056020001800097041000800115082001300123084001900136100001900155700001800174700002100192245009200213260004400305300003400349500002300383504001400406520098900420650003001409650001801439990002601457990002601483990002601509990002601535990002601561990002601587INLIS00000000000295620221026020920 a0010-0520002956221026 | | eng  a9780761961658 aeng a338.6048 a338.6048 CAL d0 aCalori, Roland0 aTugrul Atamer0 aand Pancho Nunes14aDynamics of International Competition:From Practice to Theory /cRoland Calori [et. al] aNew Delhi :bRoutledge-Cavendish,c2000 axv,p.239p. :b:illus ;c24cm. aIndeks : p.231-239 ap.224-230 aThis text provides a new framework for understanding international competitive system and formulating international business startegy. It extends theories of industry-based global competition (Porter, Doz, Prahalad, Bartlett and Ghoshal) and explores the interactions between structural forces at the industry level and competitive actions at the firm level. The use of in-dept qualitative data-interviews with executives in charge of the international strategy in 122 firms from 10 centuries-gives it a unique style and procedures an integrative framework to handle the complexities of international business: the dynamics of segmentation, regional competitive territories, tensions between integration and differentiation, and strategic variations. In this dialogue between practitioners and group of researchers, business students will find both theoretical insights and practical menthods, and scholars will find a case of organic theory built upon contextual practical knowledge. 4aInternational Competition 4aGlobalization a11000/MKRI-P/XII-2008 a11001/MKRI-P/XII-2008 a11001/MKRI-P/XII-2008 a11000/MKRI-P/XII-2008 a11000/MKRI-P/XII-2008 a11001/MKRI-P/XII-2008